000 00874nam a2200229Ii 4500
003 JO-AjNU
008 230605s9999||||xx |||||||||||||| ||und||
017 _a1993/11527
020 _a977-202-192-8
040 _aJO-AjNU
_bara
_erda
_cJO-AjNU
041 _aara
050 1 4 _aHD85.A7.K5264 1995
100 3 _aخطاب، عايدة سيد,
_eauthor
_957169
245 0 0 _aسياسات ادارية: الادارة الاستراتيجية في قطاع الاعمال والخدمات
250 _aط3
264 3 1 _aالقاهرة: مكتبة عين شمس، 1995
300 _a394ص
_bيحتوي على ببلوغرافية من ص380-394ص
336 _atext
_btxt
_2rdacontent
337 _aunmediated
_bn
_2rdamedia
338 _avolume
_bnc
_2rdacarrier
650 4 _aتحليل النظم - ادارة استراتيجية - التخطيط ارلاداري
_957170
999 _aA25602
_c29170
_d29170